Capitals of the Americas - Statistics

General Stats
  • This quiz has been taken 26,210 times
    25,248 since last reset
  • The average score is 26 of 35
Answer Stats
Country Answer % Correct
Brazil Brasília
94%
Mexico Mexico City
94%
Argentina Buenos Aires
93%
Canada Ottawa
93%
United States of America Washington D.C.
91%
Chile Santiago
89%
Cuba Havana
88%
Peru Lima
88%
Panama Panama City
88%
Colombia Bogotá
86%
El Salvador San Salvador
83%
Jamaica Kingston
82%
Saint Vincent and the Grenadines Kingstown
82%
Bolivia La Paz and Sucre
82%
Venezuela Caracas
81%
Guatemala Guatemala City
81%
Uruguay Montevideo
81%
Ecuador Quito
80%
Costa Rica San José
76%
Haiti Port-au-Prince
74%
Dominican Republic Santo Domingo
72%
Paraguay Asunción
71%
Guyana Georgetown
71%
Bahamas Nassau
70%
Nicaragua Managua
67%
Belize Belmopan
63%
Trinidad and Tobago Port of Spain
61%
Honduras Tegucigalpa
61%
Suriname Paramaribo
59%
Antigua & Barbuda Saint John's
59%
Barbados Bridgetown
57%
Grenada Saint George's
54%
Dominica Roseau
51%
Saint Lucia Castries
46%
Saint Kitts and Nevis Basseterre
45%
No matching quizzes found
Score Distribution
Percent of People with Each Score
Percentile by Number Answered
Your Score History
You have not taken this quiz since the last reset